Countries with Rwandan Embassies - Statistics

General Stats
  • This quiz has been taken 30 times
  • The average score is 27 of 32
Answer Stats
Continent Country % Correct
North America Canada
100%
Africa Egypt
100%
Asia Japan
100%
Africa Kenya
100%
Africa South Africa
100%
Africa Tanzania
100%
Europe United Kingdom
100%
North America United States of America
100%
Europe Belgium
96%
Africa Ethiopia
96%
Europe Germany
96%
Asia/ Europe Turkey
96%
Africa Burundi
91%
Asia China
91%
Africa Democratic Republic of the Congo
91%
Asia India
91%
Asia/ Europe Russia
91%
Africa Nigeria
87%
Africa Zambia
87%
Africa Republic of the Congo
78%
Asia South Korea
74%
Africa Sudan
74%
Asia United Arab Emirates
74%
Europe Sweden
70%
Europe the Netherlands
70%
Africa Morocco
65%
Europe Switzerland
65%
Africa Angola
61%
Asia Israel
61%
Africa Ghana
57%
Africa Senegal
48%
Asia Singapore
48%
No matching quizzes found
Score Distribution
Percent of People with Each Score
Percentile by Number Answered
Your Score History
You have not taken this quiz